| 000 | 01230cam a2200217 4500 | ||
|---|---|---|---|
| 001 | ##L135247 | ||
| 008 | 061006n2006 000 0 eng u | ||
| 035 | _a(Sirsi) u135247 | ||
| 041 | 0 | _aeng | |
| 050 | 0 | 4 | _a333.33 $2 18 |
| 110 | 2 |
_aHometrack _94704 |
|
| 245 | 0 | 0 |
_aHometrack monthly national housing survey _bMay 2006 |
| 260 |
_aLondon _bHometrack _c2006 |
||
| 490 | 0 |
_aHometrack Monthly National Housing Survey _v29 May 2006 |
|
| 520 | _aHouse prices continued to rise rapidly over May rising by 0.6%. London remained the engine for national house price growth with values in the capital moving 1.2% higher in May. The 12 month price change is now 1.6%. The average house price stands at £164 500. Actual sales prices as a percentage of the asking price have risen to 94.7% from a low of 92.7% in January. The increase in the volume of buyers actively searching for a property has reduced the discounts sellers are willing to accept. | ||
| 650 | 2 | 4 | _aHOMETRACK MONTHLY NATIONAL HOUSING SURVEY |
| 651 | 4 |
_aEngland and Wales _y1543- |
|
| 690 | _aPROPERTY-RESIDENTIAL PROPERTY-RESIDENTIAL PROPERTY MARKET | ||
| 856 | 4 | 0 |
_uhttps://www.hometrack.co.uk _zView the survey free of charge at www.hometrack.co.uk... |
| 942 | _n0 | ||
| 999 |
_c105965 _d105965 |
||